| 000 | 00372 a2200109 4500 | ||
|---|---|---|---|
| 020 | _a9781855739437 | ||
| 082 | _a691 WU | ||
| 100 | _aWu, Hwai Chung | ||
| 245 |
_aAdvanced Civil Infrastructure Materials Science, Mechanics and Applications/ _cEdited by Hwai Chung Wu |
||
| 260 |
_aEngland : _bWoodhead Publications, _c2006 |
||
| 300 |
_axiv, 360p. : _bill. ; _c26 cm |
||
| 650 | _aCivil engineering materials | ||
| 999 |
_c1182 _d1182 |
||